|
|
|
|
| LEADER |
00000nab a2200000 a 4500 |
| 001 |
vtls011115432 |
| 003 |
SK-MaSNL |
| 005 |
20260303193413.0 |
| 008 |
230218|1973 xo |||||||||||||||||slo| |
| 015 |
|
|
|a SNBRB
|
| 035 |
|
|
|a (uuid)b69866ba-535a-41cc-8081-b8bd782398b4
|
| 035 |
|
|
|a (urnnbn)urn:nbn:sk:snk:ar-a08k03
|
| 035 |
|
|
|a urn:nbn:sk:snk-ab9m7y
|
| 040 |
|
|
|a SNKBUCL
|b slo
|c SNKBUCL
|e AACR2
|
| 041 |
0 |
|
|a slo
|
| 044 |
|
|
|a xo
|c SK
|
| 100 |
1 |
|
|a Mezencev, Jaroslav,
|d 1938-
|4 aut
|9 234133
|
| 245 |
1 |
0 |
|a ÚČINOK DOPLNKU KYSELINY GLUTÁMOVEJ DO KŔMNYCH ZMESÍ PRE BROJLEROV. II. časť :
|b IV. ZMENY V HLADINÁCH VOĽNÝCH AMINOKYSELÍN KRVNEJ PLAZMY 2 HODINY PO NAKŔMENÍ
|c J. Mezencev, J. Lazar
|
| 700 |
1 |
|
|a Lazar, J.
|4 aut
|9 1139361
|
| 773 |
0 |
|
|t Folia veterinaria
|g Roč. 17, č. 1-2 (1973), s. 73-77
|
| 954 |
|
|
|a odborná, vedecká literatúra pôvodná (slovenská)
|2 lita
|
| 958 |
|
|
|a OND
|
| 958 |
|
|
|a EUIPO
|
| 958 |
|
|
|a article13
|
| 999 |
|
|
|c 2152239
|d 2154169
|